000 00609cam a22001571 4500
082 _a945.0926
_bTRE
100 1 _aTrevelyan, George Macaulay,
_946482
245 1 0 _aGaribaldi: and the thousand,
_cby George Macaulay Trevelyan ... with five maps and numerous illustrations.
250 _a2d impression.
260 _aLondon,
_aNew York [etc.]
_bLongmans, Green, and co.,
_c1909.
300 _axv, [1], 395 p.
_bfront., plates, ports., 5 maps (3 fold.)
_c24 cm.
526 _a0
_b0
_c0
_d945_092600000000000_TRE
650 _aMCE
_9379
856 4 1 _uhttp://hdl.loc.gov/loc.gdc/scd0001.00089260929
942 _2ddc
_cBK
999 _c552992
_d552992